|
|
|
|
| LEADER |
00832nab a2200205 i 4500 |
| 001 |
publ11901 |
| 005 |
20191024150321.0 |
| 008 |
170905s2017 hu o 0|| zxx d |
| 022 |
|
|
|a 1871-5273
|
| 024 |
7 |
|
|a 10.2174/1871527316666170124165222
|2 doi
|
| 024 |
7 |
|
|a 3262063
|2 mtmt
|
| 040 |
|
|
|a SZTE Publicatio Repozitórium
|b hun
|
| 041 |
|
|
|a zxx
|
| 100 |
1 |
|
|a Dézsi Livia
|
| 245 |
1 |
0 |
|a Monoamine oxidase B inhibitors in Parkinson’s disease
|h [elektronikus dokumentum] /
|c Dézsi Livia
|
| 260 |
|
|
|c 2017
|
| 300 |
|
|
|a 425-439
|
| 490 |
0 |
|
|a CNS AND NEUROLOGICAL DISORDERS-DRUG TARGETS
|v 16 No. 4
|
| 700 |
0 |
1 |
|a Vécsei László
|e aut
|
| 856 |
4 |
0 |
|u http://publicatio.bibl.u-szeged.hu/11901/1/2017.%20D%C3%A9zsi%20L.%20Monoamine%20Oxidase%20B%20Inhibitors%20in%20Parkinson%27s%20Disease%20k%C3%B6zl.%20legutols%C3%B3%20v%C3%A1lt..pdf
|z Dokumentum-elérés
|